000
00494nam a2200181Ia 4500
008
090124s9999 xx 000 0 und d
082
_b
39579
100
_a
गीतानंद
245
_a
जीवनगीता
250
_a
1
260
_b
संगीता प्रकाशन
_c
1991
300
_a
502
600
_a
गीतानंद
630
_a
जीवनगीता
700
_a
गीतानंद
730
_a
जीवनगीता
942
_c
BOOK
999
_c
105689
_d
105689